| 000 | 00584nam a2200229Ia 4500 | ||
|---|---|---|---|
| 003 | OSt | ||
| 005 | 20221005125058.0 | ||
| 006 | a|||||r|||| 00| 0 | ||
| 007 | ta | ||
| 008 | 221004b |||||||| |||| 00| 0 rus d | ||
| 024 | _a53356 | ||
| 037 | _cTextual | ||
| 040 |
_aCRL _cCRL _brus |
||
| 041 |
_2rus _arus |
||
| 082 | _aO142,3NPO,1, 32K0.2 | ||
| 245 | 0 | _aOru yadhardha manushante katha | |
| 260 | _c1960 | ||
| 650 | _a RUSSIAN LITERATURE | ||
| 650 | _aRUSSIAN FICTION | ||
| 942 |
_hO142,3NPO,1, 32K0.2 _cTEXL _2cc |
||
| 999 |
_c1052649 _d1052649 |
||